000
00402nam a22001697a 4500
003
MPLRDC
005
20220104124730.0
008
210129b ||||| |||| 00| 0 eng d
020
_a
7-5032-0517-2
082
_a
992.7 HS
100
_a
华声、杨义著
245
_a
旅游与天文
_c
260
_a
_b
中国旅游出版社
_c
300
_b
平
650
_a
旅行各论
942
_c
BK
_o
992.7 HS
999
_c
21709
_d
21699